1615 1602 1344 1209 1230 1702 1810 1095 1511 1733 1668 1751 1578 1941 1021 1013 1021 1055 1423 1242 1336 1700 1066 1528 1186 1013 1060 1283 1512 1120 1042 1170 1749 1428 1491 1825 1616 1973 1319 1259 1761 1361 1037 1460 1868 1084 1713 1974 1481 1634 1072 1799 1984 1371 1270 1809 1904 1853 1814 1491 1892 1592 1830 1066 1967 1283 1159 1729 1852 1445 1730 1153 1424 1574 1318 1921 1641 1815 1077 1782 1582 1084 1146 1884 1913 1120 1584 1275 1280 1246 1915 1809 1679 1025 1504 1801 1872 1828 1698 BCNSPRNW ULIB Ver.6.0+V

เปลี่ยนเป็นภาษาไทย

Change to English
 แสดงรายละเอียดบรรณานุกรม
  กลับหน้าหลัก

Brief Record : Get Marc (ISO 2709) : E-mail record : QR code < ปิดหน้าต่าง
LEADER : 00000nam 2200000uu 4500
001    13399127686
003     ULIB
008    210420s2563||||th 000 0 tha d
020    ^a9786160039845^c340 บาท
050    ^aนว^bม154ร
100 0  ^aมนต์ชัย ศิริลัทพร
245 10 ^aแค้นสุดจิตรักสุดใจ /^cมนต์ชัย ศิริลัทพร ; ซ่อนกลิ่น ; แพรณัฐ และเก้าแต้ม, [นามแฝง].
260    ^aกรุงเทพฯ :^bพิมพ์คำ,^c2563.
300    ^a72 หน้า.
700 0  ^aแพรณัฐ,^e[นามแฝง].
700 0  ^aเก้าแต้ม,^e[นามแฝง].
945    ^p360^l0^i28872
945    ^p360^l0^i29454
999    ^aกัณชพร จุลอักษร
รายการนี้ยังไม่มีแท็ก
คุณยังไม่ได้ล็อกอิน คุณสามารถมีกิจกรรมร่วมกับเว็บไซต์ได้ แต่ต้องล็อกอินก่อน ::
  ล็อกอิน

รายการสื่อสารสนเทศ

ลำดับที่ ประเภท เลขเรียก/บาร์โค้ด สถานที่ สถานะ
1. วิทยาศาสตร์การแพทย์ และสุขภาพ
วิทยาศาสตร์การแพทย์ และสุขภาพ
นว ม154ร ฉ.1 
  Barcode: 28872
ห้องสมุดวิทยาเขตนครสวรรค์
►นวนิยาย:l:Fiction
บนชั้น
2. วิทยาศาสตร์การแพทย์ และสุขภาพ
วิทยาศาสตร์การแพทย์ และสุขภาพ
นว ม154ร ฉ.2 
  Barcode: 29454
ห้องสมุดวิทยาเขตนครสวรรค์
►นวนิยาย:l:Fiction
บนชั้น

BibComment


ยังไม่เคยถูกคอมเมนท์

คอมเมนท์ทรัพยากรรายการนี้
  คอมเมนท์: แค้นสุดจิตรักสุด..


 Copyright 2026. Bcnsprnw @Library